000
00347nam a2200145Ia 4500
008
230718s9999 xx 000 0 und d
041
_a
Eng.
082
_a
342.7
_b
KHA-Y
100
_a
Khakhar,M Anwar
245
0
_a
Yearly Law Repeater (2005)
260
_a
Pakistan
_b
Pakistan Law Decision
_c
2005
300
_a
1452
650
_a
Law
999
_c
27595
_d
27595